• 首页
  • 本馆介绍
  • 公告通知
  • 最新文献
  • 馆藏检索
  • 电子资源
  • 读者导购
  • 参考咨询
  • 我的图书馆
  • 登录
  • 详细信息显示
  • 放入我的书架
  • 预约/预借图书
  • 作者相关作品
  • 分类相关作品
  • 丛书相关作品
  • 出版社相关作品

书目信息

  • 表格格式
  • 工作单格式
  • 卡片格式
题名:
海战事典
    
 
作者: 董旻杰 主编 ;查攸吟 著 ;指文号角工作室 , 中国海军史研究会 主编
分册: 006   日俄战争前后的俄国海军
出版信息: 长春   吉林文史出版社  2016.12
页数: 201页
开本: 23cm
丛书名: 指文MOOK系列
单 册:
中图分类: E19-49
科图分类:
主题词: 海战--hai zhan--战争史--世界--通俗读物
电子资源:
ISBN: 978-7-5472-3747-2
000 01233nam 2200301 450
001 CAL 008260617
005 20230307161035.55
010    @a978-7-5472-3747-2@dCNY69.80
100    @a20170112d2016 em y0chiy0120 ea
101 0  @achi
102    @aCN@b220000
105    @aa z 000yy
106    @ar
200 1  @a海战事典@Ahai zhan shi dian@h006@i日俄战争前后的俄国海军@f董旻杰, 指文号角工作室, 中国海军史研究会主编@g查攸吟著
210    @a长春@c吉林文史出版社@d2016.12
215    @a201页@c图@d23cm
225 2  @a指文MOOK系列@Azhi wen MOOKxi lie
330    @a本书分为大国海事和海上角力两部分, 具体包括以下内容: 东方的陆与海: 日俄战争前的俄国海军 ; 帝国海军的无畏舰时代: 日俄战争后俄国海军力量的重建 ; 维也纳体系的破裂: 纳瓦里诺之战 (上) 。
410  0 @12001 @a指文MOOK系列
517 1  @a日俄战争前后的俄国海军@Ari e zhan zheng qian hou de e guo hai jun
606 0  @a海战@Ahai zhan@x战争史@y世界@j通俗读物
690    @aE19-49@v5
701  0 @a董旻杰@Adong min jie@4主编
702  0 @a查攸吟@Azha you yin@4著
711 02 @a指文号角工作室@Azhi wen hao jiao gong zuo shi@4主编
711 02 @a中国海军史研究会@Azhong guo hai jun shi yan jiu hui@4主编
801  0 @aCN@bBJXHZP@c20230228
905    @b1405268-71@dE19-49@e132:6@f4
    
    海战事典.006.日俄战争前后的俄国海军/董旻杰, 指文号角工作室, 中国海军史研究会主编/查攸吟著.-长春:吉林文史出版社,2016.12
    201页:图;23cm.-(指文MOOK系列)
    
    
    ISBN 978-7-5472-3747-2:CNY69.80
    本书分为大国海事和海上角力两部分, 具体包括以下内容: 东方的陆与海: 日俄战争前的俄国海军 ; 帝国海军的无畏舰时代: 日俄战争后俄国海军力量的重建 ; 维也纳体系的破裂: 纳瓦里诺之战 (上) 。
●
相关链接 在E读中查询图书 在五车中查询图书 在当当中查询图书 在豆瓣中查询图书


正题名:海战事典     索取号:E19-49/132:6         预约/预借

序号 登录号 条形码 馆藏地/架位号 状态 备注
1 1405268   214052683   第一样本阅览室/ [索取号:E19-49/132:6] 在馆    
2 1405269   214052692   第一借阅区/ [索取号:E19-49/132:6] 在馆    
3 1405270   214052709   第一借阅区/ [索取号:E19-49/132:6] 在馆    
4 1405271   214052718   第一借阅区/ [索取号:E19-49/132:6] 在馆    
唐山师范学院图书馆 欢迎您!
大连网信软件有限公司© 版权所有